Asian currencies - Statistics

General Stats
  • This quiz has been taken 1,450 times
  • The average score is 27 of 50
Answer Stats
Country Currency % Correct
Afghanistan Afghani
88%
India Rupee
83%
China Yuan
80%
Japan Yen
77%
Bahrain Dinar
68%
Armenia Dram
67%
Bangladesh Taka
67%
Cyprus Euro
65%
Azerbaijan Manat
65%
Indonesia Rupiah
65%
Iraq Dinar
63%
Brunei Dollar
63%
North Korea Won
63%
Iran Rial
61%
Jordan Dinar
59%
Kuwait Dinar
58%
Russia Ruble
57%
South Korea Won
57%
Georgia Lari
56%
Bhutan Ngultrum
56%
Cambodia Riel
56%
Pakistan Rupee
56%
Nepal Rupee
55%
Singapore Dollar
54%
Malaysia Ringgit
53%
Philippines Peso
52%
Lebanon Pound
51%
Kyrgyzstan Som
51%
Laos Kip
50%
Israel New Shekel
50%
Sri Lanka Rupee
50%
Kazakhstan Tenge
50%
Saudi Arabia Riyal
48%
Oman Rial
47%
Thailand Baht
46%
Qatar Riyal
45%
Turkey Lira
44%
Myanmar Kyat
43%
Taiwan Dollar
42%
Vietnam Dong
42%
Maldives Rufiyaa
41%
Mongolia Tögrög
41%
Syria Pound
39%
United Arab Emirates Dirham
36%
Timor-Leste Dollar
35%
Palestine New Shekel
35%
Tajikistan Somoni
32%
Yemen Rial
31%
Uzbekistan Som
31%
Turkmenistan Manat
28%
No matching quizzes found
Score Distribution
Percent of People with Each Score
Percentile by Number Answered
Your Score History
You have not taken this quiz